[Event "32nd ECC Open 2016"]
[Site "Novi Sad SRB"]
[Date "2016.11.06"]
[Round "1.27"]
[Board "5"]
[White "Miles, Richard"]
[Black "Velickovic, Sasa"]
[Result "1/2-1/2"]
[BlackTitle "IM"]
[WhiteElo "2000"]
[BlackElo "2312"]
[WhiteTeam "Abergavenny"]
[BlackTeam "Crvena Zvezda"]
[WhiteFideId "1801139"]
[BlackFideId "900869"]
[EventDate "2016.11.06"]

1. d4 Nf6 2. c4 c5 3. d5 e6 4. Nc3 exd5 5. cxd5 d6 6. Nf3 g6 7. Bf4 Bg7 8. Qa4+
Bd7 9. Qb3 Qc7 10. e4 O-O 11. Nd2 Nh5 12. Be3 Bc8 13. Be2 Nf6 14. O-O Qe7 15. h3
Nbd7 16. a4 a6 17. Qc2 Rb8 18. Bg5 h6 19. Bh4 g5 20. Bg3 Ne5 21. f4 gxf4 22.
Bxf4 Ng6 23. Bh2 Nd7 24. Nc4 Nde5 25. Ne3 Qg5 26. Nf5 Nh4 27. Nxh4 Qxh4 28. Qd2
Bd7 29. Qf4 Qxf4 30. Rxf4 Rfe8 31. Rff1 Re7 32. Ra3 1/2-1/2

[Event "32nd ECC Open 2016"]
[Site "Novi Sad SRB"]
[Date "2016.11.06"]
[Round "1.27"]
[Board "6"]
[White "Vujacic, Borivoje"]
[Black "Dixon, Chris"]
[Result "1-0"]
[WhiteTitle "FM"]
[WhiteElo "2240"]
[BlackElo "1785"]
[WhiteTeam "Crvena Zvezda"]
[BlackTeam "Abergavenny"]
[WhiteFideId "903000"]
[BlackFideId "1801880"]
[EventDate "2016.11.06"]

1. e4 d6 2. d4 Nf6 3. Nc3 g6 4. Be3 Bg7 5. Qd2 O-O 6. h3 a6 7. Nf3 b5 8. Bd3 Bb7
9. e5 Nd5 10. Be4 c6 11. Bxd5 cxd5 12. Bh6 Nd7 13. O-O dxe5 14. Bxg7 Kxg7 15.
dxe5 e6 16. Rfe1 Rc8 17. Ne2 Qe7 18. Ned4 Nc5 19. h4 Ne4 20. Qe3 Rc4 21. Rad1
Rfc8 22. Qf4 b4 23. Nh2 Rxc2 24. f3 Nf2 25. Rd2 Nh3+ 26. gxh3 Rxd2 27. Qxd2 Qxh4
28. Kg2 Rc4 29. Rd1 Bc8 30. f4 a5 31. Nhf3 Qe7 32. b3 Rc5 33. Rc1 Bb7 34. Rxc5
Qxc5 35. Qc2 Qb6 36. Kf2 Qd8 37. Qc5 h6 38. Kg3 g5 39. fxg5 hxg5 40. Qd6 Qc8 41.
Nxg5 Qc3+ 42. Ngf3 Qd3 43. Qe7 Bc8 44. Qf6+ 1-0

[Event "32nd ECC Open 2016"]
[Site "Novi Sad SRB"]
[Date "2016.11.06"]
[Round "1.28"]
[Board "1"]
[White "Edouard, Romain"]
[Black "Moran, Stephen"]
[Result "1-0"]
[WhiteTitle "GM"]
[WhiteElo "2628"]
[BlackElo "2180"]
[WhiteTeam "KGSRL Gent"]
[BlackTeam "Trinity College Dublin"]
[WhiteFideId "633429"]
[BlackFideId "2501872"]
[EventDate "2016.11.06"]

1. c4 Nf6 2. Nc3 d5 3. cxd5 Nxd5 4. g3 Nxc3 5. bxc3 g6 6. Bg2 Bg7 7. Qb3 Nc6 8.
h4 O-O 9. h5 a5 10. hxg6 hxg6 11. d4 a4 12. Qc2 e5 13. d5 Ne7 14. e4 f5 15. Ba3
Rf7 16. Nf3 Bf6 17. Nd2 Kg7 18. O-O-O Bd7 19. exf5 gxf5 20. g4 e4 21. gxf5 Nxf5
22. Bxe4 1-0

[Event "32nd ECC Open 2016"]
[Site "Novi Sad SRB"]
[Date "2016.11.06"]
[Round "1.28"]
[Board "2"]
[White "Menzies, Colin"]
[Black "Le Roux, Jean-Pierre"]
[Result "0-1"]
[BlackTitle "GM"]
[WhiteElo "2144"]
[BlackElo "2549"]
[WhiteTeam "Trinity College Dublin"]
[BlackTeam "KGSRL Gent"]
[WhiteFideId "2502755"]
[BlackFideId "609404"]
[EventDate "2016.11.06"]

1. Nf3 Nf6 2. b3 d6 3. Bb2 e5 4. c4 g6 5. e3 Bg7 6. Be2 O-O 7. O-O c5 8. a3 Nc6
9. Nc3 Re8 10. d3 a6 11. Qc2 Rb8 12. Rfd1 b5 13. cxb5 axb5 14. d4 exd4 15. exd4
Bf5 16. Bd3 cxd4 17. Nxb5 Bxd3 18. Qxd3 Ne5 19. Qf1 Nxf3+ 20. gxf3 Nh5 21. a4
Nf4 22. Kh1 Qh4 23. Qg1 Nh3 24. Qg3 Nxf2+ 25. Kg2 Qxg3+ 26. Kxg3 Nxd1 27. Rxd1
Re5 28. Rd2 Rd5 29. Rd3 h5 30. Kf2 f5 31. Ba3 Be5 32. Nc7 Ra5 33. h3 Kf7 0-1

[Event "32nd ECC Open 2016"]
[Site "Novi Sad SRB"]
[Date "2016.11.06"]
[Round "1.28"]
[Board "3"]
[White "Rozentalis, Eduardas"]
[Black "Bourached, Anthony"]
[Result "1-0"]
[WhiteTitle "GM"]
[WhiteElo "2573"]
[BlackElo "1941"]
[WhiteTeam "KGSRL Gent"]
[BlackTeam "Trinity College Dublin"]
[WhiteFideId "12800023"]
[BlackFideId "2504456"]
[EventDate "2016.11.06"]

1. e4 c5 2. Nf3 d6 3. Bb5+ Bd7 4. c4 Nf6 5. Nc3 a6 6. Bxd7+ Qxd7 7. O-O Nc6 8.
Nd5 Nxd5 9. exd5 Nd4 10. Nxd4 cxd4 11. b3 g6 12. Bb2 Bg7 13. Qf3 Qf5 14. Qxf5
gxf5 15. f4 b5 16. Rac1 Kd7 17. Rf3 Rhc8 18. Rd3 bxc4 19. bxc4 Rab8 20. Bxd4
Bxd4+ 21. Rxd4 Rb2 22. a3 Rb3 23. Rc3 Rxc3 24. dxc3 Ke8 25. Kf2 Rc5 26. Ke3 Ra5
27. Rd2 Rxa3 28. Kd4 Ra5 29. Rb2 Kf8 30. g3 Rc5 31. Rb6 Ra5 32. h4 Kg7 33. h5 h6
34. Rc6 Ra4 35. Kd3 Ra5 36. c5 dxc5 37. Kc4 Ra1 38. Kxc5 Rg1 39. Rxa6 Rxg3 40.
c4 Rf3 41. Kb5 Rxf4 42. c5 Rf1 43. c6 Rb1+ 44. Kc5 Rb8 45. c7 Rc8 1-0

[Event "32nd ECC Open 2016"]
[Site "Novi Sad SRB"]
[Date "2016.11.06"]
[Round "1.28"]
[Board "4"]
[White "Tirziman, Rudolf"]
[Black "Schoppen, Casper"]
[Result "0-1"]
[WhiteElo "1991"]
[BlackElo "2325"]
[WhiteTeam "Trinity College Dublin"]
[BlackTeam "KGSRL Gent"]
[WhiteFideId "2508664"]
[BlackFideId "1046730"]
[EventDate "2016.11.06"]

1. e4 c5 2. Nf3 d6 3. Bb5+ Bd7 4. Bxd7+ Nxd7 5. c4 Ngf6 6. Nc3 g6 7. O-O Bg7 8.
d4 cxd4 9. Nxd4 O-O 10. b3 Ne5 11. Bb2 Nc6 12. Nxc6 bxc6 13. Qe2 Nd7 14. Na4
Bxb2 15. Qxb2 Qa5 16. Rad1 f5 17. exf5 Qxf5 18. Rde1 Rf7 19. Qd4 Raf8 20. Qxa7
Ne5 21. Qd4 Qg5 22. Qe3 Nf3+ 23. Kh1 Qxe3 24. Rxe3 Nd2 25. Rfe1 Rxf2 26. h3 e5
27. c5 d5 28. Rxe5 Ne4 29. Re6 Rxa2 30. Rxc6 Rff2 31. Rg1 Ng3+ 32. Kh2 Nf1+ 33.
Kh1 Rf3 34. Rxf1 Rxf1+ 35. Kh2 Rff2 36. Rd6 Rxg2+ 37. Kh1 Rge2 0-1

[Event "32nd ECC Open 2016"]
[Site "Novi Sad SRB"]
[Date "2016.11.06"]
[Round "1.28"]
[Board "5"]
[White "Goormachtigh, Johan"]
[Black "Scott, Luke"]
[Result "1-0"]
[WhiteTitle "FM"]
[WhiteElo "2184"]
[BlackElo "2016"]
[WhiteTeam "KGSRL Gent"]
[BlackTeam "Trinity College Dublin"]
[WhiteFideId "200280"]
[BlackFideId "2507986"]
[EventDate "2016.11.06"]

1. d4 d5 2. c4 c6 3. Nc3 Nf6 4. Nf3 e6 5. Bg5 h6 6. Bxf6 Qxf6 7. e3 g6 8. Rc1
Bg7 9. cxd5 O-O 10. dxc6 Nxc6 11. Bb5 Qe7 12. O-O Rd8 13. Qe2 Bd7 14. Rfd1 a6
15. Bd3 Rac8 16. Bb1 b5 17. Ne4 Na5 18. Nc5 Qd6 19. b4 Nc4 20. Nb7 Qxb4 21. Nxd8
Rxd8 22. Bd3 Rc8 23. Nd2 Nb6 24. Ne4 Na4 25. Rxc8+ Bxc8 26. Qc2 Bb7 27. Nc5 Nxc5
28. Qxc5 Qxc5 29. dxc5 Bf8 30. Rc1 Bc6 31. f3 f5 32. Kf2 h5 33. a4 Kf7 34. axb5
axb5 35. Rb1 b4 36. Rxb4 Bxc5 37. Rc4 Bb5 38. Rxc5 Bxd3 39. f4 Be4 40. g3 Bd5
41. Ke2 Be4 42. Kd2 Kg7 43. Kc3 Bd5 44. Kd4 Kf6 45. Rxd5 exd5 46. Kxd5 Kf7 47.
Ke5 Ke7 48. h3 Kf7 49. Kd6 Kf6 50. Kd7 Kf7 51. h4 Kf6 52. Ke8 Kg7 53. Ke7 Kh8
54. Kf6 Kh7 55. Kf7 Kh6 56. Kg8 1-0

[Event "32nd ECC Open 2016"]
[Site "Novi Sad SRB"]
[Date "2016.11.06"]
[Round "1.28"]
[Board "6"]
[White "Delaney, Rory"]
[Black "Vanheirzeele, Daniel"]
[Result "0-1"]
[WhiteElo "1967"]
[BlackElo "2120"]
[WhiteTeam "Trinity College Dublin"]
[BlackTeam "KGSRL Gent"]
[WhiteFideId "2502208"]
[BlackFideId "200425"]
[EventDate "2016.11.06"]

1. c4 Nf6 2. g3 e6 3. Bg2 d5 4. Nf3 Be7 5. O-O O-O 6. a3 dxc4 7. Qc2 a6 8. Ne5
c5 9. Nxc4 Nc6 10. b3 Bd7 11. Bb2 Rc8 12. d3 Qc7 13. Rc1 b5 14. Ne3 Qb6 15. Nd2
Nd4 16. Qd1 Bc6 17. b4 Bxg2 18. Bxd4 cxd4 19. Nxg2 Nd5 20. Nf3 Rfd8 21. Qd2 h6
22. Nf4 Nc3 23. h4 a5 24. Qb2 axb4 25. axb4 Qd6 26. Kf1 Qxb4 27. Qxb4 Bxb4 28.
Ra7 Bc5 29. Rb7 Rb8 30. Rxb8 Rxb8 31. e3 Ba3 32. Ra1 b4 33. Nd2 dxe3 34. fxe3
Bb2 35. Re1 Na4 36. Rb1 Bc3 37. Nb3 Rc8 38. d4 Nb6 39. Nd3 Nd5 40. Kf2 Ra8 41.
Ndc1 e5 42. e4 Nf6 43. dxe5 Ng4+ 44. Ke2 Nxe5 45. Nc5 Nc6 46. Kd3 Rd8+ 47. Kc4
Rd7 48. N5d3 Ne5+ 49. Nxe5 Bxe5 50. Rxb4 Bxg3 51. Nd3 Bxh4 0-1

[Event "32nd ECC Open 2016"]
[Site "Novi Sad SRB"]
[Date "2016.11.06"]
[Round "1.29"]
[Board "1"]
[White "Williams, A. Howard"]
[Black "Arnaudov, G. Petar"]
[Result "0-1"]
[WhiteTitle "FM"]
[BlackTitle "GM"]
[WhiteElo "2323"]
[BlackElo "2471"]
[WhiteTeam "Cardigan"]
[BlackTeam "Gambit ASSECO SEE"]
[WhiteFideId "1800043"]
[BlackFideId "2907127"]
[EventDate "2016.11.06"]

1. d4 Nf6 2. c4 Nc6 3. Nf3 e6 4. g3 d5 5. Bg2 dxc4 6. Qa4 Bb4+ 7. Bd2 Nd5 8.
Bxb4 Nxb4 9. O-O Rb8 10. Nc3 a6 11. a3 b5 12. Qd1 Nd5 13. Ne4 Nf6 14. Nc5 Nd7
15. Ne4 Bb7 16. Qc2 O-O 17. Rad1 Qe7 18. Nc3 Nb6 19. e4 Na5 20. Rfe1 h6 21. d5
e5 22. Nh4 Nb3 23. Nf5 Qc5 24. Ne2 Bc8 25. Qc3 Bxf5 26. exf5 Rfe8 27. h3 Rbd8
28. Qe3 Nd4 29. Nc3 Qf8 30. Be4 Nb3 31. Bc2 b4 32. Bxb3 bxc3 33. Bxc4 c2 34. d6
cxd1=Q 35. Rxd1 0-1

[Event "32nd ECC Open 2016"]
[Site "Novi Sad SRB"]
[Date "2016.11.06"]
[Round "1.29"]
[Board "2"]
[White "Percivaldi, Martin"]
[Black "Jones, Iolo C"]
[Result "1-0"]
[WhiteTitle "FM"]
[BlackTitle "FM"]
[WhiteElo "2373"]
[BlackElo "2172"]
[WhiteTeam "Gambit ASSECO SEE"]
[BlackTeam "Cardigan"]
[WhiteFideId "1508148"]
[BlackFideId "1800094"]
[EventDate "2016.11.06"]

1. d4 Nf6 2. c4 e6 3. Nf3 Bb4+ 4. Bd2 Qe7 5. g3 O-O 6. Bg2 Bxd2+ 7. Qxd2 d6 8.
Nc3 Nbd7 9. O-O c6 10. e4 e5 11. Rfe1 Re8 12. Rad1 Nb6 13. b3 Bg4 14. h3 Bxf3
15. Bxf3 Rad8 16. Bg2 Nh5 17. Kh2 g6 18. Qe3 Ng7 19. f4 Ne6 20. Ne2 c5 21. dxe5
dxe5 22. fxe5 Rxd1 23. Rxd1 Qg5 24. Qxg5 Nxg5 25. Nf4 Kg7 26. Rd6 Rxe5 27. Nd3
Re6 28. e5 Re7 29. Nxc5 Rxe5 30. Nxb7 Re2 31. Kg1 Rxa2 32. c5 Nc8 33. Rd7 Ne6
34. Bd5 Kf6 35. Bxe6 Kxe6 36. c6 Rc2 37. Nd8+ Ke5 38. Rxf7 h5 39. Rg7 Rd2 40.
Rd7 Rc2 41. h4 Kf5 42. b4 Kg4 43. Rd3 Ne7 44. b5 Nf5 45. Ne6 a6 46. b6 Rxc6 47.
b7 Rb6 48. Nc5 Ne7 49. Kf2 Rb2+ 50. Ke3 Rb5 51. Rb3 Rxb3+ 52. Nxb3 Nc6 53. Ke4
a5 54. Nxa5 Nb8 55. Kd5 Kxg3 56. Nc6 Na6 57. Kd6 Kxh4 58. Nb4 1-0

[Event "32nd ECC Open 2016"]
[Site "Novi Sad SRB"]
[Date "2016.11.06"]
[Round "1.29"]
[Board "3"]
[White "Heap, Gerry"]
[Black "Danchevski, Orce"]
[Result "0-1"]
[BlackTitle "IM"]
[WhiteElo "2060"]
[BlackElo "2357"]
[WhiteTeam "Cardigan"]
[BlackTeam "Gambit ASSECO SEE"]
[WhiteFideId "415650"]
[BlackFideId "15000311"]
[EventDate "2016.11.06"]

1. c4 e5 2. Nc3 Nf6 3. Nf3 Nc6 4. e3 Be7 5. d3 O-O 6. Be2 d5 7. cxd5 Nxd5 8. a3
a5 9. O-O Be6 10. Bd2 Nb6 11. Na4 Nxa4 12. Qxa4 Bd7 13. Qc2 Bd6 14. Rac1 Qe7 15.
b4 axb4 16. axb4 b6 17. b5 Na5 18. d4 f6 19. dxe5 fxe5 20. Bc3 e4 21. Nd4 Rae8
22. g3 Nb7 23. Bc4+ Kh8 24. Bd5 Nc5 25. Nc6 Qg5 26. Rcd1 Bh3 27. Rfe1 Nd3 28.
Rxd3 exd3 29. Qxd3 Be6 30. Be4 Bf5 31. Bxf5 Qxf5 32. Qxf5 Rxf5 33. Nd4 Rff8 34.
f4 Kg8 35. g4 Bc5 36. Kg2 Rf7 37. Kf3 Rd7 38. Re2 Rd5 39. Rc2 g6 40. h4 Kf7 41.
f5 Re7 42. f6 Kxf6 43. Nc6+ Kf7 44. Nxe7 Kxe7 45. Bd4 Kd7 46. Bb2 h5 47. Ke4 Ke6
48. g5 Rf5 49. Be5 Rxe5+ 0-1

[Event "32nd ECC Open 2016"]
[Site "Novi Sad SRB"]
[Date "2016.11.06"]
[Round "1.29"]
[Board "4"]
[White "Stojcevski, Zoran"]
[Black "Van Kemenade, Rudy"]
[Result "1-0"]
[WhiteTitle "FM"]
[WhiteElo "2316"]
[BlackElo "1969"]
[WhiteTeam "Gambit ASSECO SEE"]
[BlackTeam "Cardigan"]
[WhiteFideId "15000192"]
[BlackFideId "410942"]
[EventDate "2016.11.06"]

1. e4 e5 2. f4 exf4 3. Bc4 f5 4. Qe2 Qh4+ 5. Kf1 fxe4 6. Nc3 Nf6 7. Nf3 Qh6 8.
Nxe4 Be7 9. d4 Rf8 10. Bd2 Ng4 11. Re1 Ne3+ 12. Bxe3 fxe3 13. Qxe3 Qxe3 14. Rxe3
Nc6 15. c3 Kd8 16. Ke1 Na5 17. Bd3 d5 18. Ng3 Nc4 19. Bxc4 dxc4 20. Ne5 Bg5 21.
Re2 b5 22. Ne4 Bf6 23. Nc5 Bxe5 24. Rxe5 Re8 25. Rxe8+ Kxe8 26. Kf2 Rb8 27. Re1+
Kf7 28. Re5 Rb6 29. Ne4 Bb7 30. d5 h6 31. Ke3 b4 32. Kd4 bxc3 33. bxc3 Rb2 34.
Rf5+ Kg6 35. Rf2 Rb5 36. Nc5 Ba8 37. Rf8 Bxd5 38. Kxd5 Rb2 39. Ne6 Rxa2 40. Rf3
Kh7 41. Rg3 g5 42. Nxc7 Kg6 43. Kxc4 Kf5 44. Nd5 h5 45. h3 Rd2 46. Kc5 a5 47. c4
Kg6 48. h4 g4 49. Re3 Kf5 50. g3 Rf2 51. Kd6 Rf3 52. Re5+ Kg6 53. Nf4+ Rxf4 54.
gxf4 a4 55. c5 a3 56. c6 a2 57. Ra5 g3 58. Rxa2 1-0

[Event "32nd ECC Open 2016"]
[Site "Novi Sad SRB"]
[Date "2016.11.06"]
[Round "1.29"]
[Board "5"]
[White "Haigh, Tony"]
[Black "Dinev, Dejan"]
[Result "0-1"]
[BlackTitle "FM"]
[WhiteElo "1810"]
[BlackElo "2297"]
[WhiteTeam "Cardigan"]
[BlackTeam "Gambit ASSECO SEE"]
[WhiteFideId "1802569"]
[BlackFideId "15000095"]
[EventDate "2016.11.06"]

1. d4 d5 2. Nf3 e6 3. c4 Nf6 4. Nc3 Be7 5. Bg5 O-O 6. cxd5 exd5 7. e3 c6 8. Bd3
Re8 9. O-O Bg4 10. Qb3 Bc8 11. Qc2 h6 12. Bxf6 Bxf6 13. b4 b6 14. Rfc1 Bb7 15.
Rab1 Nd7 16. Qb3 Nf8 17. Na4 a6 18. Nb2 g6 19. Bf1 Nd7 20. Nd3 Kg7 21. g3 h5 22.
h4 b5 23. Nc5 Nxc5 24. dxc5 a5 25. a3 axb4 26. axb4 Ra4 27. Qd1 Re4 28. Nd4 Bxd4
29. exd4 Qf6 30. Bg2 Rxd4 31. Qe1 Bc8 32. Rd1 Bf5 33. Ra1 Rdxb4 0-1

[Event "32nd ECC Open 2016"]
[Site "Novi Sad SRB"]
[Date "2016.11.06"]
[Round "1.29"]
[Board "6"]
[White "Nikolovski, Nikola"]
[Black "Van Kemenade, Julie"]
[Result "1-0"]
[WhiteTitle "FM"]
[WhiteElo "2274"]
[BlackElo "1703"]
[WhiteTeam "Gambit ASSECO SEE"]
[BlackTeam "Cardigan"]
[WhiteFideId "15002314"]
[BlackFideId "402796"]
[EventDate "2016.11.06"]

1. e4 d6 2. Nc3 Nf6 3. f4 c6 4. Nf3 Qc7 5. d4 Bg4 6. e5 Nd5 7. h3 Nxc3 8. bxc3
Bxf3 9. Qxf3 e6 10. Bd3 Nd7 11. O-O Be7 12. Ba3 d5 13. Bxe7 Kxe7 14. f5 Raf8 15.
Qg3 g6 16. fxe6 fxe6 17. Rxf8 Rxf8 18. Qh4+ Ke8 19. Qxh7 1-0

[Event "32nd ECC Open 2016"]
[Site "Novi Sad SRB"]
[Date "2016.11.06"]
[Round "1.30"]
[Board "1"]
[White "Klein, David"]
[Black "Guxho, Clirim"]
[Result "1-0"]
[WhiteTitle "GM"]
[WhiteElo "2513"]
[BlackElo "2101"]
[WhiteTeam "Kennemer Combinatie"]
[BlackTeam "Butrinti"]
[WhiteFideId "1003623"]
[BlackFideId "4700996"]
[EventDate "2016.11.06"]

1. e4 c6 2. d4 d5 3. Nd2 dxe4 4. Nxe4 Bf5 5. Qf3 Bxe4 6. Qxe4 Nf6 7. Qh4 e6 8.
Nf3 Nbd7 9. Bd3 Nd5 10. Qe4 Bb4+ 11. Kf1 N7f6 12. Qe2 Bd6 13. g3 O-O 14. a3 b5
15. Kg2 a6 16. Bg5 c5 17. dxc5 Bxc5 18. a4 Nb4 19. Be4 Rb8 20. Rhd1 Qc8 21. Bxf6
gxf6 22. Qd2 Kg7 23. Qf4 Rh8 24. Qg4+ Kf8 25. Qh5 Ba7 26. c3 Nc6 27. Rd6 Ne7 28.
Qh6+ Ke8 29. Qxf6 Rf8 30. Ne5 bxa4 31. Bc6+ Nxc6 32. Nxc6 Qc7 33. Rad1 1-0

[Event "32nd ECC Open 2016"]
[Site "Novi Sad SRB"]
[Date "2016.11.06"]
[Round "1.30"]
[Board "2"]
[White "Mihasi, Lime"]
[Black "Admiraal, Miguoel"]
[Result "0-1"]
[BlackTitle "IM"]
[WhiteElo "2039"]
[BlackElo "2448"]
[WhiteTeam "Butrinti"]
[BlackTeam "Kennemer Combinatie"]
[WhiteFideId "4700252"]
[BlackFideId "1019716"]
[EventDate "2016.11.06"]

1. e4 c5 2. Nf3 e6 3. d4 cxd4 4. Nxd4 Nc6 5. Nb5 d6 6. c4 Nf6 7. N1c3 a6 8. Na3
b6 9. Be3 Be7 10. Be2 Bb7 11. O-O O-O 12. f4 Rc8 13. Rc1 Re8 14. Bf3 Nd7 15. Qd2
Na5 16. Na4 Nc5 17. Nxb6 Qxb6 18. b4 Nc6 19. bxc5 dxc5 20. Rb1 Qc7 21. Qb2 Rb8
22. Rfd1 Nd4 23. Qb6 Qc8 24. Rd2 Bd8 25. Qb2 Ba5 26. Rxd4 cxd4 27. Bxd4 Bc6 28.
Qxb8 Qxb8 29. Rxb8 Rxb8 30. Kf2 Rb4 31. Ke3 Ra4 32. Bc5 Bb4 33. Bxb4 Rxb4 34.
Kd4 Rb2 35. Kc5 Ba8 36. h3 Kf8 37. Kd6 Rd2+ 38. Kc7 Rxa2 39. Nb1 Rb2 40. Na3 Rb3
41. Nc2 Rc3 0-1

[Event "32nd ECC Open 2016"]
[Site "Novi Sad SRB"]
[Date "2016.11.06"]
[Round "1.30"]
[Board "3"]
[White "Ducarmon, Quinten"]
[Black "Mejdini, Murat"]
[Result "1-0"]
[WhiteTitle "IM"]
[WhiteElo "2457"]
[BlackElo "1989"]
[WhiteTeam "Kennemer Combinatie"]
[BlackTeam "Butrinti"]
[WhiteFideId "1025007"]
[BlackFideId "4700244"]
[EventDate "2016.11.06"]

1. e4 e6 2. d4 d5 3. Nd2 Nf6 4. e5 Nfd7 5. Bd3 c5 6. c3 Nc6 7. Ngf3 cxd4 8. cxd4
Qb6 9. O-O Nxd4 10. Nxd4 Qxd4 11. Nf3 Qb6 12. Qa4 Be7 13. Qg4 g6 14. Bg5 Bxg5
15. Nxg5 Nxe5 16. Qf4 O-O 17. Nxh7 Kxh7 18. Qxe5 Bd7 19. Rae1 f5 20. Re3 Kg8 21.
Rh3 Kf7 22. Rh7+ Ke8 23. Qg7 Qd6 24. Qxg6+ Kd8 25. Qg5+ Kc7 26. Rc1+ Kb6 27. Qg7
Rac8 28. Qd4+ Ka5 29. Qxa7+ Qa6 30. Bxa6 1-0

[Event "32nd ECC Open 2016"]
[Site "Novi Sad SRB"]
[Date "2016.11.06"]
[Round "1.30"]
[Board "4"]
[White "Karralliu, Fuat"]
[Black "Dek, Lennart"]
[Result "0-1"]
[WhiteElo "1931"]
[BlackElo "2278"]
[WhiteTeam "Butrinti"]
[BlackTeam "Kennemer Combinatie"]
[WhiteFideId "4702166"]
[BlackFideId "1013114"]
[EventDate "2016.11.06"]

1. e4 c5 2. f4 e6 3. Nf3 Nc6 4. Nc3 Nf6 5. Be2 d5 6. e5 Nd7 7. O-O a6 8. a4 Qa5
9. Kh1 b5 10. d3 b4 11. Nb1 Bb7 12. Nbd2 Be7 13. b3 Qc7 14. Bb2 Nb6 15. Qe1 d4
16. Ne4 O-O-O 17. Bc1 Kb8 18. Qg3 g6 19. Nfd2 Na5 20. Bf3 Nd5 21. Nc4 Nxc4 22.
bxc4 Nb6 23. a5 Nc8 24. Nd2 Na7 25. Bxb7 Qxb7 26. Qf3 Qc6 27. Nb3 Rd7 28. Qxc6
Nxc6 29. Bd2 Rf8 30. Rae1 Kc7 31. g3 f6 32. exf6 Rxf6 33. Kg2 Bd6 34. h4 0-1

[Event "32nd ECC Open 2016"]
[Site "Novi Sad SRB"]
[Date "2016.11.06"]
[Round "1.30"]
[Board "5"]
[White "Duijn, Rob"]
[Black "Mihasi, Erald"]
[Result "0-1"]
[WhiteElo "2218"]
[BlackElo "1845"]
[WhiteTeam "Kennemer Combinatie"]
[BlackTeam "Butrinti"]
[WhiteFideId "1014501"]
[BlackFideId "4700902"]
[EventDate "2016.11.06"]

1. d4 Nf6 2. Nf3 d5 3. Bf4 Bf5 4. e3 e6 5. Nbd2 Bd6 6. Bxd6 Qxd6 7. c4 c6 8. Be2
O-O 9. O-O Nbd7 10. Rc1 h6 11. Re1 Ne4 12. Qb3 Rab8 13. Red1 Bh7 14. Nxe4 Bxe4
15. Nd2 Bg6 16. Bf3 Nf6 17. cxd5 exd5 18. Qc3 Rfe8 19. Qc5 Qd7 20. a3 a6 21. Qb6
Bh5 22. Bxh5 Nxh5 23. h3 Re6 24. Nf3 Rbe8 25. Rc3 Nf6 26. Ne5 Qc8 27. Rb3 R8e7
28. Rc1 Ne4 29. Qa5 Re8 30. Qb4 R8e7 31. Qe1 Rf6 32. f3 Nd6 33. Qh4 Qe8 34. Qg3
Nc4 35. e4 Nxe5 36. dxe5 Rg6 37. Qf4 Rxe5 38. Rxb7 Rf6 39. Qg3 Rg6 40. Qf4 Rf6
41. Qh2 Kh7 42. Rb3 dxe4 43. Re3 Rfe6 44. Rce1 f5 45. g4 fxg4 46. hxg4 Qg6 47.
Qg3 Re8 48. f4 Rb5 49. R3e2 Qf6 50. b4 c5 51. Rxe4 Rxe4 52. Qd3 Qd4+ 0-1

[Event "32nd ECC Open 2016"]
[Site "Novi Sad SRB"]
[Date "2016.11.06"]
[Round "1.31"]
[Board "1"]
[White "Percin, Onder"]
[Black "Zajic, Milan"]
[Result "0-1"]
[BlackTitle "IM"]
[WhiteElo "1972"]
[BlackElo "2501"]
[WhiteTeam "Hatay Metropolitan"]
[BlackTeam "Omladinski Sahovski Klub Paracin"]
[WhiteFideId "6345190"]
[BlackFideId "912336"]
[EventDate "2016.11.06"]

1. e4 g6 2. Nc3 Bg7 3. g3 c6 4. Bg2 Nf6 5. d3 d5 6. Qe2 O-O 7. f4 dxe4 8. dxe4
e5 9. Nf3 exf4 10. gxf4 Qb6 11. Qe3 Re8 12. Qxb6 axb6 13. Ne5 b5 14. O-O Na6 15.
Be3 Nb4 16. Rac1 Ng4 17. Nxg4 Bxg4 18. a3 Bxc3 19. bxc3 Na2 20. h3 Be2 21. Rfe1
Nxc1 22. Bxc1 Red8 23. Kf2 Bd1 24. Bf3 Bxc2 25. Re3 Bd1 26. Bg2 Bh5 27. Bf1 Rd1
28. Re1 Rad8 29. Be3 Rxe1 30. Kxe1 Bf3 31. e5 Rd1+ 32. Kf2 Ra1 33. Bc5 Bd5 34.
h4 b6 35. Bxb6 Rxa3 36. Bd4 c5 37. Bxc5 Rxc3 38. Bd4 Rf3+ 0-1

[Event "32nd ECC Open 2016"]
[Site "Novi Sad SRB"]
[Date "2016.11.06"]
[Round "1.31"]
[Board "2"]
[White "Radovanovic, Nikola"]
[Black "Percin, Baris"]
[Result "1-0"]
[WhiteTitle "IM"]
[WhiteElo "2411"]
[BlackElo "1877"]
[WhiteTeam "Omladinski Sahovski Klub Paracin"]
[BlackTeam "Hatay Metropolitan"]
[WhiteFideId "900087"]
[BlackFideId "6345174"]
[EventDate "2016.11.06"]

1. d4 Nf6 2. c4 e6 3. Nc3 Bb4 4. e3 b6 5. f3 d5 6. Qa4+ Nc6 7. Qxc6+ Bd7 8. Qb7
Rb8 9. Qa6 O-O 10. a3 Bxc3+ 11. bxc3 c5 12. cxd5 Nxd5 13. Qd3 c4 14. Qc2 b5 15.
e4 Ne7 16. Nh3 a5 17. Bf4 Rb6 18. Be3 Rc6 19. Be2 Qb8 20. O-O e5 21. d5 Rg6 22.
Nf2 Qd6 23. a4 f5 24. axb5 f4 25. Bc1 Qf6 26. Rxa5 Bh3 27. Nxh3 Qb6+ 28. Nf2
Qxa5 29. Bxc4 Kh8 30. Qb3 Rc8 31. Ba3 Ng8 32. Ng4 Re8 33. d6 Nh6 34. Nxh6 Rxh6
35. b6 Qa8 36. Bd5 Qd8 37. b7 Qb8 38. Bc5 Rd8 39. Ra1 1-0

[Event "32nd ECC Open 2016"]
[Site "Novi Sad SRB"]
[Date "2016.11.06"]
[Round "1.31"]
[Board "3"]
[White "Gundogan, Sinem Cagla"]
[Black "Brankovic, Dejan"]
[Result "0-1"]
[WhiteTitle "WCM"]
[BlackTitle "FM"]
[WhiteElo "1952"]
[BlackElo "2373"]
[WhiteTeam "Hatay Metropolitan"]
[BlackTeam "Omladinski Sahovski Klub Paracin"]
[WhiteFideId "6325378"]
[BlackFideId "921602"]
[EventDate "2016.11.06"]

1. e4 c5 2. Nc3 Nc6 3. g3 g6 4. Bg2 Bg7 5. d3 d6 6. Be3 Rb8 7. Qd2 b5 8. Nd1 Bg4
9. c3 Qa5 10. f3 Bd7 11. Ne2 b4 12. O-O bxc3 13. bxc3 e6 14. Kh1 h5 15. Nb2 d5
16. exd5 exd5 17. Bf4 Rd8 18. Rfe1 Nge7 19. Bd6 Be6 20. Bxe7 Nxe7 21. d4 O-O 22.
Qg5 Rfe8 23. Nd3 cxd4 24. cxd4 Bf5 25. Nc5 Rc8 26. Qf4 Rxc5 27. dxc5 Bxa1 28.
Rxa1 Nc6 29. Bf1 Qxc5 30. Rc1 Qf2 31. Rxc6 Qxf1+ 32. Ng1 Re2 0-1